Представление документа в формате RUSMARC

ПолеНазваниеЗначение
  Тип записи a
  Библиографический уровень a
001 Контрольный номер UONB/MAIN/dbaa02df83bc4f4eb086dd2f1e8492e0
005 Дата корректировки 20260310140458.1
100 Данные общей обработки __
a Данные общей обработки 20260310 ||| 0rusy0189 ca
101 Язык документа 0_
a Язык текста rus
102 Страна публикации __
a Страна публикации RU
200 Заглавие и сведения об ответственности 1_
g Последующие сведения об ответственности беседовала Наталья Шмараткина
a Заглавие Сила духа настоящего солдата
f Первые сведения об ответственности А. В. Садюхин, Н. Шмараткина
203 Вид содержания и тип средства __
a Вид содержания Текст
b Характеристика содержания визуальный
c Тип средства непосредственный
215 Физическое описание __
c Иллюстрации/тип воспроизводства ил., портр.
330 Аннотация __
a Аннотация Интервью с участником СВО Андреем Владимировичем Садюхиным, уроженцем села Новые Алгаши.
461 Уровень набора _0
1 2000
a Цильнинские новости
463 Уровень физической единицы _0
1 2000
a № 7 (1378) (20 февраля)
v С. 1-2
1 2101
d 2026
1 001UONB/MAIN/2c689eb0fd1749178b83a48f0acbfe80
600 Персоналии _1
a Персоналии (Фамилия) Садюхин
b Персоналии (Имя, инициалы) А. В.
g Полное имя Андрей Владимирович
607 Географические рубрики __
a Географическое наименование Новые Алгаши, село (Цильнинский район ; Ульяновская область)
610 Ключевые слова 0_
a Ключевые слова участники СВО; интервью; интервью с военнослужащими; медаль "За отвагу"; ветераны СВО
686 Индексы других классификаций __
2 Код системы rubbk
a Классификационный индекс 68.42
700 Автор _1
a Фамилия Садюхин
b Имя (инициалы) А. В.
g Полное личное имя Андрей Владимирович
4 Код отношения 460
701 Альтернативная интеллектуальная ответственность _1
4 Код отношения 470
a Фамилия Шмараткина
b Имя (инициалы) Н.
g Полное личное имя Наталья
801 Источник записи _0
a Страна RU
b Организация Ульяновская ОНБ
c Дата составления 20260310
g Правила каталогизации RCR
801 Источник записи _1
a Страна RU
b Организация Ульяновская ОНБ
c Дата составления 20260310
g Правила каталогизации RCR
901 Тип документа __
t Тип документа f
w Контрольный № источника UONB/MAIN/2c689eb0fd1749178b83a48f0acbfe80
909 Создатель записи __
a Создатель записи Логинова
b Дата создания записи 20260310